| 000 | 01050nam a2200265Ia 4500 | ||
|---|---|---|---|
| 003 | OSt | ||
| 005 | 20220918110721.0 | ||
| 006 | a|||||r|||| 00| 0 | ||
| 007 | ta | ||
| 008 | 220915b |||||||| |||| 00| 0 san d | ||
| 020 |
_a9789388514040 (hbk(Set)) _cINR 9975.00 |
||
| 024 | _a86,291 | ||
| 037 |
_b2433, 30/01/2019, Kiran Book Service _cReference Collections |
||
| 040 |
_aARTS _cARTS _bsan |
||
| 041 |
_2san _asan |
||
| 082 | _aR6k, 152Q9.1-.5(RR) | ||
| 100 |
_aनागर, उषा, संपा. _99160 |
||
| 245 | 0 | _aभारतीय दर्शन एवं संस्कृति कोश | |
| 246 | _aBhāratīya darshan evan sanskṛuti kosha | ||
| 260 |
_aजयपुर _bपैराडाइज पब्लिशर्स भारत _c2019 |
||
| 490 | _vभाग 1 | ||
| 650 |
_aभारतीय दर्शन _99161 |
||
| 942 |
_hR6k, 152Q9.1-.5(RR) _cREF |
||
| 999 |
_c114206 _d114206 |
||